000
00237nam a22001097a 4500
082
_a
808.2 ROS'C
100
_a
ROSTAND, EDMAND
_9
57818
245
_a
CYRANO AND BERGERAC
260
_a
NEWYORK
_b
BOOKS
_c
1965
300
_a
241P
942
_c
BK
999
_c
568069
_d
568069